Responses for show #4170 - Friday, October 18, 2002

(Judge Hatchett: This is Judge Hatchett and the order of this court is to watch Jeopardy!, coming up next!)

Contestants

Lisa Caucci, an administrative manager from Atlanta, Georgia

Chad Thompson, an economic analyst originally from Pittsburgh, Pennsylvania

Rob Kobman, a bartender and recent college graduate from Spotsylvania, Virginia (whose 1-day cash winnings total $12,800)

Jeopardy! Round responses

MEDICINE
BITS & PIECES
QUESTIONABLE DATES OF BIRTH
'80s TV
TAKE THIS JOB
CROSSWORD CLUES "L"
    $200 3
lips

Lisa
    $200 11
foxhunting

Lisa
    $200 16
(Rob: What is enlist in the Army?)
....
(Alex: You were a bit too specific; he enlisted in the Navy.)

enlist in the military

RobChad
    $200 1
"Who Shot J.R.?"

Rob
    $200 21
barber

Lisa
    $200 26
Louvre

Rob
    $400 4
(Chad: What are white blood cells?)

saliva

Chad
Triple Stumper
    $400 12
Pez

Chad
    $400 17
Nancy Reagan

Chad
    $400 2
Night Court

Chad
    $400 22
firefighting

Lisa
    $400 30
Leningrad

Rob
    $600 8
viruses

Chad
    $600 13
giant pandas

Rob
    $600 18
Little League World Series

Lisa
    $1,000 5
Married... with Children

Lisa
    $600 23
host

Lisa
    $600 29
lineage

Lisa
    $800 9
the brain

Chad
    $800 14
quatrain

Triple Stumper
    $800 19
Felicity

Rob
    $800 6
Bosom Buddies

Rob
    $800 24
(Alex: And we have a minute to go.)

bursar

Chad
    $800 28
leaf

Chad
    $1000 10
coronary arteries

Lisa
    $1000 15
(Chad: What is Scottish?)
(Rob: What is American?)

Italian (Torricelli & Volta)

RobChad
Triple Stumper
    $1000 20
Independence Day/Fourth of July

Chad
    $1000 7
thirtysomething

Lisa
    $1000 25
production assistant

Lisa
    $1000 27
last straw

Triple Stumper

Scores at the first commercial break (after clue 14):

Rob Chad Lisa
$1,600 $1,800 $3,400

Scores at the end of the Jeopardy! Round:

Rob Chad Lisa
$1,800 $4,000 $6,800

Double Jeopardy! Round responses

19th CENTURY LIT
(Alex: Literature, of course.)
LEGAL MATTERS
ROCK & ROLL PYRAMID
THE ROARING '20s
"OUT"
OF AFRICA
    $400 3
"The Scarlet Letter"

Lisa
    $400 17
small claims

Chad
    $400 1
"King Tut"

Rob
    $400 12
J. Edgar Hoover

Rob
    $400 11
out of wedlock

Rob
    $400 22
Ivory Coast

Chad
    $800 4
"The Three Musketeers"

Triple Stumper
    $800 18
Richard M. Nixon

Rob
    $800 2
The Bangles

Chad
    $800 13
Book of the Month Club

Triple Stumper
    $800 27
outlaw

Lisa
    $800 23
(Alex: Minute to go.)

Algiers

Lisa
    $1200 5
(Chad: Who is Tolstoy?)

Nikolai Gogol

Chad
Triple Stumper
    $1200 19
contract law

Chad
    $1200 8
"Midnight at the Oasis"

Lisa
    $1200 14
collars

Rob
    $1200 28
The Outer Limits

Rob
    $1200 24
Eritrea

Chad
    $1600 6
Bret Harte

Rob
    $4,000 20
warranty

Chad
    $1600 9
(Alex: I think that was a Jo Stafford hit many years ago.)

"You Belong To Me"

Triple Stumper
    $1600 15
Warren G. Harding

Lisa
    $1600 30
out on a limb

Chad
    $1600 25
Madagascar

Lisa
    $3,000 7
(Rob: No idea.)

"Our Mutual Friend"

Rob
    $2000 21
Thurgood Marshall

Lisa
    $2000 10
(Chad: Who are the Spice Girls?)

Cleopatra

Chad
Triple Stumper
    $2000 16
Pittsburgh

Chad
    $2000 29
Outland Trophy

Triple Stumper
    $2000 26
(Chad: What is Somalia?)

Djibouti

Chad
Triple Stumper

Scores at the end of the Double Jeopardy! Round:

Rob Chad Lisa
$4,800 $10,400 $15,200

[wagering suggestions for these scores]

Final Jeopardy! Round responses

U.S. GEOGRAPHY
RobWhat is Minnesota
$4,420
ChadWhat is Minnesota?
$0
LisaWhat is Minnesota?
$5,601
Minnesota

Final scores:

Rob Chad Lisa
$9,220 $10,400 $20,801
3rd place: $1,000 2nd place: $2,000 New champion: $20,801

Game dynamics:

Coryat scores:

Rob Chad Lisa
$7,800 $8,000 $14,800
13 R,
3 W
(including 1 DD)
17 R
(including 1 DD),
5 W
18 R
(including 1 DD),
0 W

Combined Coryat: $30,600

The J! Archive is created by fans, for fans. The Jeopardy! game show and all elements thereof, including but not limited to copyright and trademark thereto, are the property of Jeopardy Productions, Inc. and are protected under law. This website is not affiliated with, sponsored by, or operated by Jeopardy Productions, Inc. Join the discussion at JBoard.tv.